[Event "13. OIBM 2009"]
[Site "Bad Wiessee"]
[Date "2009.10.31"]
[Round "1.1"]
[White "Rozentalis, Eduardas"]
[Black "Czischke, Stefan"]
[Result "1-0"]
[WhiteElo "2603"]
[BlackElo "2032"]
[PlyCount "37"]
[EventDate "2009.10.31"]

1. e4 c6 2. d4 g6 3. f4 d6 4. Nf3 Bg7 5. c3 Nd7 6. a4 a5 7. Na3 Qc7 8. Bc4 e6
9. f5 d5 10. fxe6 fxe6 11. Bd3 Ne7 12. e5 b6 13. Ng5 Nf8 14. O-O h6 15. Nf7 Rh7
16. Nd6+ Kd7 17. Rf7 Ba6 18. Bxa6 Rxa6 19. Qf1 1-0

[Event "13. OIBM 2009"]
[Site "Bad Wiessee"]
[Date "2009.10.31"]
[Round "1.2"]
[White "Frank, Werner"]
[Black "Khenkin, Igor"]
[Result "0-1"]
[WhiteElo "2031"]
[BlackElo "2613"]
[PlyCount "60"]
[EventDate "2009.10.31"]

1. d4 d5 2. Nf3 c6 3. c4 dxc4 4. e4 b5 5. a4 e6 6. Nc3 Bb4 7. Bd2 Nf6 8. e5
Bxc3 9. bxc3 Ne4 10. g3 a5 11. Qc2 Qd5 12. Bg2 Nxd2 13. Qxd2 Qe4+ 14. Kf1 Ba6
15. axb5 Bxb5 16. Ne1 Qf5 17. Qe3 Nd7 18. Be4 Qh3+ 19. Bg2 Qh5 20. Bf3 Qh3+ 21.
Bg2 Qh6 22. Qxh6 gxh6 23. Nf3 a4 24. Nd2 Ke7 25. Ra3 Ra5 26. f4 c5 27. d5 exd5
28. Bxd5 Nxe5 29. fxe5 Rd8 30. Ne4 Rxd5 0-1

[Event "13. OIBM 2009"]
[Site "Bad Wiessee"]
[Date "2009.10.31"]
[Round "1.3"]
[White "Iordachescu, Viorel"]
[Black "Chernyshova, Natalia"]
[Result "1-0"]
[WhiteElo "2607"]
[BlackElo "2030"]
[PlyCount "57"]
[EventDate "2009.10.31"]

1. d4 d5 2. c4 c6 3. Nf3 Nf6 4. Nc3 e6 5. g3 Be7 6. Bg2 O-O 7. O-O Nbd7 8. Ne5
Nxe5 9. dxe5 Nd7 10. cxd5 cxd5 11. e4 d4 12. Qxd4 Bc5 13. Qc4 a6 14. Bf4 b5 15.
Qe2 Bd4 16. Rfd1 Qb6 17. a4 b4 18. a5 Qa7 19. Na4 Rb8 20. Rac1 Bxe5 21. Be3 Qb7
22. Nc5 Qb5 23. Qxb5 Rxb5 24. Nxd7 Bxd7 25. Rxd7 Bxb2 26. Rb1 Bc3 27. Bb6 Ra8
28. Bf1 Re5 29. Bxa6 1-0

[Event "13. OIBM 2009"]
[Site "Bad Wiessee"]
[Date "2009.10.31"]
[Round "1.4"]
[White "Hovens, Geert"]
[Black "Burmakin, Vladi1mir"]
[Result "0-1"]
[WhiteElo "2030"]
[BlackElo "2599"]
[PlyCount "80"]
[EventDate "2009.10.31"]

1. e4 c6 2. d4 d5 3. Nc3 g6 4. g3 Bg7 5. Nge2 dxe4 6. Nxe4 Bg4 7. N4c3 Bf3 8.
Rg1 Nf6 9. Qd3 Bg4 10. Be3 Bf5 11. Qd2 Ng4 12. h3 Nxe3 13. fxe3 e5 14. d5 cxd5
15. Nxd5 O-O 16. Nec3 Nc6 17. O-O-O Qa5 18. e4 Be6 19. Bg2 Nd4 20. Kb1 Kh8 21.
g4 Rac8 22. g5 Qd8 23. Rgf1 b5 24. Rc1 a5 25. Nf6 Bc4 26. Rf2 Ne6 27. Ncd5 Bxd5
28. exd5 Nf4 29. Rxf4 exf4 30. Qxf4 Rc4 31. Qf2 Bxf6 32. gxf6 Qd6 33. Rf1 Re8
34. b3 Rc3 35. Qa7 Kg8 36. Qd4 b4 37. Qh4 Rce3 38. Bf3 Qe5 39. Bd1 h5 40. Qc4
Rd8 0-1

[Event "13. OIBM 2009"]
[Site "Bad Wiessee"]
[Date "2009.10.31"]
[Round "1.5"]
[White "Gupta, Abhijeet"]
[Black "Gorse, Gérard"]
[Result "1-0"]
[WhiteElo "2584"]
[BlackElo "2028"]
[PlyCount "159"]
[EventDate "2009.10.31"]

1. d4 Nf6 2. c4 c5 3. d5 e5 4. Nc3 d6 5. e4 Be7 6. Bd3 Nbd7 7. h3 h5 8. Be3 Nf8
9. g3 Ng6 10. f4 exf4 11. gxf4 h4 12. Qf3 Nh5 13. Nge2 Ng3 14. Nxg3 hxg3 15.
O-O-O Bf6 16. e5 dxe5 17. Bxg6 fxg6 18. fxe5 Bxe5 19. Bxc5 Qf6 20. Qe2 Kd8 21.
Ne4 Bf4+ 22. Be3 Qe5 23. Rhf1 Bxe3+ 24. Qxe3 Bf5 25. Qg5+ Qe7 26. Qxe7+ Kxe7
27. Nxg3 Rac8 28. b3 b5 29. Rd4 bxc4 30. bxc4 Rxh3 31. Rf3 Rh2 32. d6+ Kd7 33.
Nxf5 gxf5 34. Re3 Kc6 35. d7 Rd8 36. Re6+ Kc7 37. Ra6 Kb7 38. Ra3 g5 39. c5 Rh4
40. Rd5 Rc4+ 41. Kb2 Kc6 42. Rxf5 Rxd7 43. Ra6+ Kb7 44. Rg6 g4 45. Kb3 Rc1 46.
Rxg4 Rc7 47. Kb4 Rb1+ 48. Ka5 Ra1 49. a4 Rb1 50. Rc4 Rc6 51. Rf7+ Kb8 52. Rc2
Rb3 53. Rd7 Rb1 54. Rc4 Rb3 55. Rb4+ Rxb4 56. Kxb4 Rh6 57. Kb5 a6+ 58. Ka5 Rc6
59. Kb4 Rh6 60. Rd6 Rh4+ 61. Ka5 Kb7 62. Rb6+ Kc7 63. Rxa6 Rh1 64. Rg6 Rc1 65.
Kb5 Rb1+ 66. Ka6 Rc1 67. Rg5 Kc6 68. a5 Ra1 69. Rh5 Ra2 70. Rh1 Ra3 71. Rh6+
Kxc5 72. Rh1 Rb3 73. Ka7 Kc6 74. a6 Kc7 75. Rc1+ Kd8 76. Rc6 Ra3 77. Kb7 Kd7
78. Rb6 Rc3 79. a7 Rc7+ 80. Ka6 1-0

[Event "13. OIBM 2009"]
[Site "Bad Wiessee"]
[Date "2009.10.31"]
[Round "1.7"]
[White "Sokolov, Andrei"]
[Black "Woerl, Richard"]
[Result "1-0"]
[WhiteElo "2572"]
[BlackElo "2025"]
[PlyCount "83"]
[EventDate "2009.10.31"]

1. e4 c5 2. Nf3 Nc6 3. d4 cxd4 4. Nxd4 e5 5. Nb5 d6 6. N1c3 a6 7. Na3 b5 8. Nd5
Nf6 9. Bg5 Be7 10. Bxf6 Bxf6 11. c4 b4 12. Nc2 a5 13. Be2 O-O 14. O-O Bg5 15.
Qd3 Kh8 16. Rad1 Ra7 17. b3 Be6 18. h3 g6 19. Nde3 Bxe3 20. Qxe3 Qe7 21. Rd2 f5
22. f4 exf4 23. Qxf4 Ne5 24. c5 g5 25. cxd6 Qg7 26. Qf2 Raf7 27. Nd4 Bd7 28.
exf5 g4 29. hxg4 Nxg4 30. Bxg4 Qxg4 31. Qf4 Qg7 32. Re1 Bxf5 33. Nxf5 Rxf5 34.
Qd4 Qxd4+ 35. Rxd4 Kg7 36. d7 Rd8 37. Re8 Rf8 38. Rg4+ Kh6 39. Re6+ Kh5 40. Rg7
h6 41. Re5+ Kh4 42. g3+ 1-0

[Event "13. OIBM 2009"]
[Site "Bad Wiessee"]
[Date "2009.10.31"]
[Round "1.8"]
[White "Schmelz, Markus"]
[Black "Yemelin, Vasily"]
[Result "0-1"]
[WhiteElo "2024"]
[BlackElo "2570"]
[PlyCount "94"]
[EventDate "2009.10.31"]

1. e4 c5 2. Nc3 e6 3. g3 d5 4. d3 Nc6 5. Bg2 Nge7 6. exd5 exd5 7. Nge2 d4 8.
Ne4 Ng6 9. O-O Be7 10. f4 f5 11. Ng5 h6 12. Nf3 O-O 13. Re1 Be6 14. h4 Bf6 15.
Ne5 Bxe5 16. fxe5 Ngxe5 17. Nf4 Bf7 18. Bd2 Qd7 19. Qe2 Rae8 20. Qf1 Nb4 21.
Bxb4 cxb4 22. a3 b3 23. cxb3 Bxb3 24. Rxe5 Rxe5 25. Ng6 Re3 26. Nxf8 Kxf8 27.
Qf4 Kg8 28. Rc1 Qe6 29. Qxd4 Rxg3 30. Kf2 Rg4 31. Qd8+ Kh7 32. Bf3 Rf4 33. Rc8
Qb6+ 34. Kg3 Rd4 35. Qxb6 axb6 36. Rc3 Bd5 37. Bxd5 Rxd5 38. Kf4 Kg6 39. Ke3
Rd7 40. Rc4 Kh5 41. Rf4 Rd5 42. a4 g5 43. hxg5 hxg5 44. Rb4 Rd6 45. Rb5 Kg4 46.
Rb4+ Kg3 47. Ke2 f4 0-1

[Event "13. OIBM 2009"]
[Site "Bad Wiessee"]
[Date "2009.10.31"]
[Round "1.9"]
[White "Milov, Leonid"]
[Black "Koerber, Thomas"]
[Result "1-0"]
[WhiteElo "2558"]
[BlackElo "2022"]
[PlyCount "35"]
[EventDate "2009.10.31"]

1. e4 c5 2. Nf3 d6 3. d4 cxd4 4. Nxd4 Nf6 5. Nc3 e6 6. Be3 Be7 7. f3 Nc6 8. Qd2
a6 9. g4 Qc7 10. O-O-O O-O 11. g5 Nd7 12. h4 b5 13. Nxc6 Qxc6 14. Ne2 Ne5 15.
Nd4 Qc7 16. h5 Nc6 17. h6 g6 18. Qc3 1-0

[Event "13. OIBM 2009"]
[Site "Bad Wiessee"]
[Date "2009.10.31"]
[Round "1.10"]
[White "Lucas, Olav"]
[Black "Friedel, Joshua E"]
[Result "0-1"]
[WhiteElo "2022"]
[BlackElo "2555"]
[PlyCount "60"]
[EventDate "2009.10.31"]

1. e4 e5 2. Nf3 Nc6 3. Bb5 a6 4. Ba4 Nf6 5. d3 b5 6. Bb3 Be7 7. c3 O-O 8. O-O
d5 9. Nbd2 Bg4 10. h3 Bh5 11. Re1 Re8 12. Qe2 d4 13. Nf1 Bxf3 14. Qxf3 Na5 15.
Bc2 c5 16. Ng3 g6 17. Bg5 Nd7 18. Bh6 Bg5 19. Bxg5 Qxg5 20. b4 Nc6 21. Bb3 Qf4
22. Qd1 dxc3 23. Ne2 Qd2 24. Bd5 Nxb4 25. Bxa8 Rxa8 26. Qb3 c2 27. a3 Nxd3 28.
Qd5 Nb6 29. Qd6 Nc4 30. Qd5 Rf8 0-1

[Event "13. OIBM 2009"]
[Site "Bad Wiessee"]
[Date "2009.11.01"]
[Round "2.1"]
[White "Kastek, Thomas"]
[Black "Rozentalis, Eduardas"]
[Result "0-1"]
[WhiteElo "2171"]
[BlackElo "2603"]
[PlyCount "64"]
[EventDate "2009.10.31"]

1. c4 b6 2. Nc3 Bb7 3. e4 e6 4. Nge2 Nf6 5. d3 c5 6. g3 d5 7. exd5 exd5 8. Bg2
Qd7 9. O-O d4 10. Ne4 Nxe4 11. dxe4 Bd6 12. Bf4 Nc6 13. Bxd6 Qxd6 14. Nf4 O-O
15. Nd3 f6 16. b3 Ne5 17. f4 Nxd3 18. Qxd3 Qc7 19. Rae1 Rae8 20. Re2 Re7 21.
Rfe1 Rfe8 22. Bf3 Bc6 23. Bh5 g6 24. Bf3 Qb7 25. Kf2 b5 26. b4 Qb6 27. e5 Bxf3
28. Qxf3 bxc4 29. Qd5+ Qe6 30. Qxc5 d3 31. Rd2 Rc8 32. Qd4 Qb6 0-1

[Event "13. OIBM 2009"]
[Site "Bad Wiessee"]
[Date "2009.11.01"]
[Round "2.2"]
[White "Khenkin, Igor"]
[Black "Schweiger, Georg"]
[Result "1-0"]
[WhiteElo "2613"]
[BlackElo "2168"]
[PlyCount "59"]
[EventDate "2009.10.31"]

1. d4 d5 2. c4 c6 3. Nf3 Nf6 4. e3 g6 5. Nc3 Bg7 6. Bd3 O-O 7. h3 a6 8. a4 dxc4
9. Bxc4 Nbd7 10. e4 b5 11. axb5 Nb6 12. Bxf7+ Rxf7 13. bxc6 e6 14. Ne5 Rf8 15.
Bg5 Qc7 16. O-O Ne8 17. f4 Nd6 18. d5 Nf7 19. Nxf7 Rxf7 20. Rc1 exd5 21. Nxd5
Qa7 22. Kh1 Be6 23. f5 gxf5 24. Nxb6 Qxb6 25. exf5 Bb3 26. Qg4 Qd4 27. Qg3 Bd5
28. f6 Rc8 29. c7 Qe4 30. fxg7 1-0

[Event "13. OIBM 2009"]
[Site "Bad Wiessee"]
[Date "2009.11.01"]
[Round "2.3"]
[White "Lederle, Vitus"]
[Black "Iordachescu, Viorel"]
[Result "0-1"]
[WhiteElo "2168"]
[BlackElo "2607"]
[PlyCount "102"]
[EventDate "2009.10.31"]

1. e4 c6 2. d4 d5 3. e5 Bf5 4. Nc3 Qa5 5. Bd3 Bxd3 6. Qxd3 e6 7. Nf3 Qa6 8. Qd1
c5 9. Be3 Ne7 10. Ne2 Nf5 11. O-O cxd4 12. Bxd4 Nc6 13. c3 Rc8 14. Re1 Be7 15.
Ng3 Nfxd4 16. Nxd4 O-O 17. Re3 Bg5 18. Re1 Nxd4 19. Qxd4 Rc4 20. Qd3 Bf4 21.
Nf1 Ra4 22. Qxa6 Rxa6 23. g3 Bh6 24. Ne3 Rb6 25. Rab1 Rc8 26. h4 f5 27. Nc2 g6
28. Nd4 Rc4 29. Red1 Bf8 30. Kf1 Ra4 31. a3 Kf7 32. Nc2 Re4 33. Re1 h6 34. f4
g5 35. hxg5 hxg5 36. Rxe4 fxe4 37. Ke2 Kg6 38. c4 dxc4 39. Ke3 Rb3+ 40. Kxe4
Rxg3 41. Nd4 Kf7 42. Rc1 gxf4 43. Rxc4 Re3+ 44. Kxf4 Bh6+ 45. Kg4 Rxe5 46. Rb4
Re4+ 47. Kh5 Kf6 48. Nb5 Rxb4 49. axb4 Bf8 50. Nxa7 Kf5 51. Kh4 Kf4 0-1

[Event "13. OIBM 2009"]
[Site "Bad Wiessee"]
[Date "2009.11.01"]
[Round "2.4"]
[White "Burmakin, Vladimir"]
[Black "Czap, Bernard"]
[Result "1-0"]
[WhiteElo "2599"]
[BlackElo "2167"]
[PlyCount "67"]
[EventDate "2009.10.31"]

1. Nf3 f5 2. g3 Nf6 3. Bg2 g6 4. b3 Bg7 5. Bb2 d6 6. d4 O-O 7. O-O c6 8. c4 Na6
9. Nc3 Qe8 10. d5 Rb8 11. Nd4 Bd7 12. Rc1 Nc5 13. e3 Nce4 14. Nde2 Qf7 15. Nxe4
Nxe4 16. Bxg7 Qxg7 17. Qd3 Nc5 18. Qc2 cxd5 19. Bxd5+ Kh8 20. b4 Ne6 21. f4 Nc7
22. Bg2 Rfc8 23. Rfd1 b6 24. e4 fxe4 25. Qxe4 Bf5 26. Qe3 a5 27. Nd4 Na6 28. a3
axb4 29. Nc6 Rb7 30. Nxb4 Ra7 31. Qxb6 Nxb4 32. Qxa7 Nd3 33. Rb1 Nxf4 34. gxf4
1-0

[Event "13. OIBM 2009"]
[Site "Bad Wiessee"]
[Date "2009.11.01"]
[Round "2.5"]
[White "Lutz, Albert"]
[Black "Gupta, Abhijeet"]
[Result "0-1"]
[WhiteElo "2166"]
[BlackElo "2584"]
[PlyCount "98"]
[EventDate "2009.10.31"]

1. Nf3 Nf6 2. d4 g6 3. c4 Bg7 4. g3 d5 5. Bg2 dxc4 6. Qa4+ Nfd7 7. Qxc4 Nb6 8.
Qc3 Na6 9. O-O c5 10. Be3 O-O 11. Na3 Nd5 12. Qd2 Nxe3 13. fxe3 e5 14. dxc5
Nxc5 15. Nc4 Be6 16. Rac1 Qe7 17. b3 Rac8 18. Qd6 Rfe8 19. Qxe7 Rxe7 20. Nfxe5
Rec7 21. Nf3 Bh6 22. Rb1 Bxc4 23. bxc4 Bxe3+ 24. Kh1 Ne4 25. Bh3 f5 26. Kg2
Rxc4 27. Rxb7 Rc2 28. Ng1 Ng5 29. Bxf5 gxf5 30. Rxf5 Rf8 31. Rxf8+ Kxf8 32. h4
Nf7 33. Nh3 Rxa2 34. Kf3 Ra3 35. Nf4 Bb6+ 36. Kg4 Ra4 37. h5 Re4 38. Kh3 Re7
39. Rb8+ Kg7 40. Rc8 Be3 41. Rc2 Bxf4 42. gxf4 a5 43. Kg3 a4 44. Kf3 Nd6 45.
Rc5 Ra7 46. Rg5+ Kf8 47. e4 a3 48. Rg1 a2 49. Ra1 Ra3+ 0-1

[Event "13. OIBM 2009"]
[Site "Bad Wiessee"]
[Date "2009.11.01"]
[Round "2.7"]
[White "Schatz, Christian"]
[Black "Sokolov, Andrei"]
[Result "0-1"]
[WhiteElo "2162"]
[BlackElo "2572"]
[PlyCount "80"]
[EventDate "2009.10.31"]

1. Nf3 Nf6 2. g3 d5 3. Bg2 c5 4. O-O Nc6 5. d3 g6 6. Nc3 Bg7 7. Bg5 O-O 8. Nd2
Be6 9. e4 d4 10. Bxf6 Bxf6 11. Nd5 Bg7 12. c4 Bd7 13. Nf4 Bh6 14. Ne2 e5 15. f4
f5 16. exf5 Bxf5 17. Ne4 Qe7 18. h3 Rae8 19. Kh2 Nb4 20. fxe5 Qxe5 21. Nc1 Bxc1
22. Rxc1 Nxd3 23. Qxd3 Bxe4 24. Rxf8+ Kxf8 25. Qf1+ Qf5 26. Bxe4 Rxe4 27. Qg2
d3 28. Kg1 Re2 29. Qf1 Qxf1+ 30. Rxf1+ Ke7 31. Rd1 Rxb2 32. Rxd3 Rxa2 33. Re3+
Kd6 34. Rf3 a5 35. Rf7 Rb2 36. Rf3 a4 37. Rd3+ Ke5 38. Rd5+ Ke4 39. Rxc5 a3 40.
Ra5 a2 0-1

[Event "13. OIBM 2009"]
[Site "Bad Wiessee"]
[Date "2009.11.01"]
[Round "2.8"]
[White "Yemelin, Vasily"]
[Black "Demir, Bilal"]
[Result "1-0"]
[WhiteElo "2570"]
[BlackElo "2160"]
[PlyCount "109"]
[EventDate "2009.10.31"]

1. d4 d5 2. Bf4 c5 3. e3 Nc6 4. c3 Nf6 5. Nd2 g6 6. Ngf3 Bg7 7. dxc5 Nd7 8. Nb3
e5 9. Bg3 Ne7 10. Bb5 Qc7 11. O-O a6 12. Be2 O-O 13. Rc1 Rd8 14. c4 dxc4 15.
Bxc4 Nf8 16. Qc2 Be6 17. Nbd2 Nf5 18. b4 Nxg3 19. hxg3 b6 20. Ne4 a5 21. b5
bxc5 22. a4 Bxc4 23. Qxc4 Ne6 24. Nfg5 Nxg5 25. Nxg5 Rac8 26. Rfd1 Bf8 27. g4
Kg7 28. Ne4 h6 29. Nc3 Rxd1+ 30. Rxd1 Rd8 31. Rxd8 Qxd8 32. Qd5 Qxd5 33. Nxd5
f5 34. gxf5 gxf5 35. Nb6 Kf7 36. Kf1 Ke6 37. Ke2 Be7 38. Nc4 Bd8 39. b6 Kd5 40.
b7 Bc7 41. Nxa5 c4 42. f3 Kc5 43. Kd1 e4 44. f4 h5 45. Kc1 Kd5 46. Kb2 Kc5 47.
Ka3 Bd6 48. Ka2 Bc7 49. Kb2 Kd5 50. Kc2 Kc5 51. b8=Q Bxb8 52. Kc3 Bc7 53. Nxc4
Bd8 54. a5 Bf6+ 55. Kb3 1-0

[Event "13. OIBM 2009"]
[Site "Bad Wiessee"]
[Date "2009.11.01"]
[Round "2.9"]
[White "Friedel, Joshua E"]
[Black "Simon, Roland"]
[Result "1-0"]
[WhiteElo "2555"]
[BlackElo "2158"]
[PlyCount "55"]
[EventDate "2009.10.31"]

1. e4 e5 2. Nf3 Nc6 3. Bb5 a6 4. Ba4 d6 5. Bxc6+ bxc6 6. d4 exd4 7. Qxd4 Be6 8.
O-O Nf6 9. Ng5 Qd7 10. Nc3 c5 11. Qd3 Be7 12. f4 h6 13. Nxe6 Qxe6 14. f5 Qe5
15. Kh1 Qd4 16. Qf3 O-O 17. Bf4 Qb4 18. e5 dxe5 19. Bxe5 Rad8 20. Rae1 Rfe8 21.
Ne4 Kf8 22. Bxc7 Rd7 23. Nxf6 Bxf6 24. Rxe8+ Kxe8 25. c3 Qh4 26. g3 Qg5 27.
Re1+ Re7 28. Qc6+ 1-0

[Event "13. OIBM 2009"]
[Site "Bad Wiessee"]
[Date "2009.11.01"]
[Round "2.10"]
[White "Heuer, Thomas"]
[Black "Parligras, Mircea Emilian"]
[Result "0-1"]
[WhiteElo "2157"]
[BlackElo "2547"]
[PlyCount "68"]
[EventDate "2009.10.31"]

1. d4 Nf6 2. Nf3 e6 3. c4 c5 4. g3 cxd4 5. Nxd4 Qc7 6. Nc3 a6 7. Bg2 Qxc4 8.
O-O Nc6 9. Nb3 Bb4 10. Bd2 Qg4 11. Bf3 Qg6 12. e4 O-O 13. Re1 d6 14. Na4 Bxd2
15. Qxd2 Rd8 16. Nb6 Rb8 17. Rad1 e5 18. Bg2 Bg4 19. f3 Be6 20. Nd5 Rbc8 21.
Rc1 Kf8 22. Na5 Nxa5 23. Qxa5 Bxd5 24. exd5 Qd3 25. Rcd1 Qc4 26. Kh1 Rc7 27.
Qd2 Qxa2 28. f4 exf4 29. gxf4 Qa4 30. Re2 Re8 31. Rxe8+ Kxe8 32. Re1+ Re7 33.
Rc1 Kf8 34. h3 Nh5 0-1

[Event "13. OIBM 2009"]
[Site "Bad Wiessee"]
[Date "2009.11.02"]
[Round "3.1"]
[White "Rozentalis, Eduardas"]
[Black "Graf, Felix"]
[Result "1-0"]
[WhiteElo "2603"]
[BlackElo "2296"]
[PlyCount "77"]
[EventDate "2009.10.31"]

1. e4 e6 2. d4 d5 3. Nd2 Nf6 4. e5 Nfd7 5. Bd3 c5 6. c3 b5 7. Ne2 Qb6 8. O-O b4
9. c4 cxd4 10. cxd5 Nxe5 11. Nc4 Nxc4 12. Bxc4 e5 13. Re1 Bc5 14. Ng3 O-O 15.
Rxe5 Nd7 16. Re1 Nf6 17. Bg5 Bb7 18. Bxf6 Qxf6 19. Ne4 Qb6 20. Qh5 Rae8 21.
Rad1 h6 22. Bd3 Re7 23. Re2 f5 24. Nxc5 Qxc5 25. Rxe7 Qxe7 26. Bxf5 Bxd5 27.
Qg6 Rf6 28. Qh7+ Kf7 29. Bg4 Qe5 30. Qd3 Bxa2 31. Ra1 Bd5 32. Rxa7+ Kg8 33. Rd7
Qe1+ 34. Qf1 Qe5 35. h3 Rf8 36. Qd3 Ra8 37. Be2 Ra1+ 38. Bf1 Ra8 39. Qb5 1-0

[Event "13. OIBM 2009"]
[Site "Bad Wiessee"]
[Date "2009.11.02"]
[Round "3.2"]
[White "Sharma, Dinesh Kumar"]
[Black "Khenkin, Igor"]
[Result "1/2-1/2"]
[WhiteElo "2335"]
[BlackElo "2613"]
[PlyCount "28"]
[EventDate "2009.10.31"]

1. e4 c6 2. d4 d5 3. e5 c5 4. c4 cxd4 5. Nf3 Bg4 6. Qxd4 Bxf3 7. gxf3 Nc6 8.
Qxd5 e6 9. Qxd8+ Rxd8 10. f4 Nh6 11. Be3 Nf5 12. Nc3 Nb4 13. Rd1 Nc2+ 14. Ke2
Ncd4+ 1/2-1/2

[Event "13. OIBM 2009"]
[Site "Bad Wiessee"]
[Date "2009.11.02"]
[Round "3.3"]
[White "Iordachescu, Viorel"]
[Black "Metz, Hartmut"]
[Result "1-0"]
[WhiteElo "2607"]
[BlackElo "2276"]
[PlyCount "117"]
[EventDate "2009.10.31"]

1. e4 c6 2. d4 d5 3. e5 c5 4. dxc5 Nc6 5. Bb5 e6 6. Nf3 Bxc5 7. O-O Bd7 8. Qe2
Nge7 9. Nbd2 Ng6 10. Nb3 Bb6 11. Bd3 Qc7 12. Re1 O-O 13. c3 a6 14. Be3 f6 15.
exf6 Rxf6 16. Bxb6 Qxb6 17. Bxg6 Rxg6 18. Qe3 Qc7 19. Nbd4 Rf6 20. Ne5 Re8 21.
Re2 Re7 22. Rae1 Be8 23. f3 Nd8 24. Qf2 Bg6 25. a3 Be8 26. Re3 Qb6 27. Ng4 Rf8
28. Qh4 Qd6 29. Kh1 Bd7 30. Ne5 Bc8 31. Nd3 Nc6 32. Nxc6 bxc6 33. Qd4 Rf5 34.
b4 a5 35. Re5 axb4 36. cxb4 Rxe5 37. Rxe5 Qc7 38. Nc5 h6 39. Kg1 Re8 40. a4 Qf7
41. a5 Re7 42. h4 Qg6 43. h5 Qf6 44. Kf2 Rf7 45. Ke3 Qe7 46. Kd2 Rf6 47. f4 Qf7
48. g3 Rf5 49. a6 Rf6 50. Re3 Bxa6 51. Nxa6 Qxh5 52. Nc5 Qh2+ 53. Kd3 Kf7 54.
Nd7 Rf5 55. Ne5+ Kg8 56. Nxc6 Rh5 57. Qa1 Rh3 58. Qa8+ Kf7 59. Ne5+ 1-0

[Event "13. OIBM 2009"]
[Site "Bad Wiessee"]
[Date "2009.11.02"]
[Round "3.4"]
[White "Deglmann, Ludwig"]
[Black "Burmakin, Vladimir"]
[Result "1/2-1/2"]
[WhiteElo "2329"]
[BlackElo "2599"]
[PlyCount "181"]
[EventDate "2009.10.31"]

1. g3 d5 2. Nf3 c6 3. Bg2 Bf5 4. O-O e6 5. d3 h6 6. c4 dxc4 7. dxc4 Qxd1 8.
Rxd1 Nd7 9. Nc3 Ngf6 10. Bf4 Bb4 11. Rac1 g5 12. Bd6 Bxd6 13. Rxd6 Ke7 14. Rd2
g4 15. Nd4 Bg6 16. Nb3 Rac8 17. Na5 Rc7 18. b4 Ne5 19. c5 Rhc8 20. Rd4 b6 21.
Nb3 Rd7 22. Rxd7+ Nfxd7 23. cxb6 axb6 24. a4 Rb8 25. Ne4 f6 26. Ned2 Kd6 27. a5
bxa5 28. Nxa5 Rxb4 29. Nxc6 Rb2 30. Nxe5 Nxe5 31. Rd1 Ke7 32. Kf1 Ra2 33. h3
Bc2 34. Rc1 h5 35. hxg4 hxg4 36. Ke1 f5 37. Nf1 Nc4 38. Ne3 Nxe3 39. fxe3 Kd6
40. Kf2 Ke5 41. Kf1 Kd6 42. Kf2 e5 43. Rh1 Bd3 44. Bf1 Be4 45. Rh6+ Ke7 46.
Rh7+ Kf6 47. Rh8 Ra3 48. Re8 Rc3 49. Rf8+ Ke7 50. Rg8 Kf7 51. Rg5 Ra3 52. Rh5
Kg7 53. Rg5+ Kf6 54. Rg8 Bd5 55. Rd8 Be4 56. Rg8 Rc3 57. Re8 Rb3 58. Rg8 Kf7
59. Rg5 Rc3 60. Rh5 Kg7 61. Rg5+ Kh7 62. Rh5+ Kg6 63. Rh8 Kf6 64. Rg8 Bd5 65.
Rd8 Be6 66. Rd3 Rc2 67. Ra3 Bd5 68. Ra6+ Rc6 69. Ra3 Rc5 70. Bg2 Be6 71. Ra6
Ke7 72. Ra7+ Bd7 73. Ra6 Rc2 74. Rb6 Rd2 75. Bf1 Ra2 76. Bg2 Rd2 77. Bf1 Be6
78. Rb7+ Kd6 79. Rb6+ Ke7 80. Rb7+ Kf6 81. Rb6 Ra2 82. Bg2 Ke7 83. Rb7+ Kd8 84.
Bf1 Bd7 85. Bg2 Rc2 86. Ra7 Ke7 87. Ra5 Kd6 88. Ra6+ Kc5 89. Ra7 Kd6 90. Ra6+
Ke7 91. Ra5 1/2-1/2

[Event "13. OIBM 2009"]
[Site "Bad Wiessee"]
[Date "2009.11.02"]
[Round "3.5"]
[White "Gupta, Abhijeet"]
[Black "Grabert, Ralf"]
[Result "1-0"]
[WhiteElo "2584"]
[BlackElo "2260"]
[PlyCount "65"]
[EventDate "2009.10.31"]

1. d4 Nf6 2. c4 e6 3. Nf3 c5 4. d5 exd5 5. cxd5 d6 6. Nc3 g6 7. h3 Bg7 8. e4
O-O 9. Bd3 b5 10. Nxb5 Re8 11. O-O Nxe4 12. Re1 a6 13. Na3 Nf6 14. Rxe8+ Nxe8
15. Bg5 Qc7 16. Qa4 Nd7 17. Re1 Nef6 18. Qc6 Qxc6 19. dxc6 Nb6 20. Bxf6 Bxf6
21. Re8+ Kg7 22. Nc4 Nxc4 23. Bxc4 Bb7 24. Rxa8 Bxa8 25. Bd5 Bxc6 26. Bxc6 Bxb2
27. Nd2 Kf6 28. Nc4 Be5 29. Bd5 Ke7 30. Nxe5 dxe5 31. Kf1 f5 32. Ke2 g5 33. g4
1-0

[Event "13. OIBM 2009"]
[Site "Bad Wiessee"]
[Date "2009.11.02"]
[Round "3.7"]
[White "Sokolov, Andrei"]
[Black "Grant, Jonathan"]
[Result "0-1"]
[WhiteElo "2572"]
[BlackElo "2249"]
[PlyCount "102"]
[EventDate "2009.10.31"]

1. e4 c6 2. d4 d5 3. e5 Bf5 4. Nd2 e6 5. Nb3 Nd7 6. Nf3 h6 7. Be2 Ne7 8. O-O
Nc8 9. a4 Be7 10. a5 a6 11. Be3 Na7 12. Ne1 Qc7 13. Bd3 Bxd3 14. Nxd3 Nb5 15.
Qg4 g6 16. Rfc1 O-O-O 17. c4 dxc4 18. Rxc4 Kb8 19. Nd2 g5 20. Ne4 f5 21. exf6
Nxf6 22. Nxf6 Bxf6 23. Nc5 Rd5 24. Rac1 Rc8 25. b4 Nd6 26. Qxe6 Nxc4 27. Qxf6
Rd6 28. Qf3 Nxe3 29. fxe3 Qe7 30. Qg3 Ka7 31. h3 Re8 32. Rc3 h5 33. Rd3 g4 34.
h4 Rf8 35. Rd1 Rdf6 36. Qe5 Qf7 37. Kh2 Rf2 38. Qg3 Qa2 39. Nd3 R8f3 40. Nxf2
Rxg3 41. Kxg3 Qb2 42. e4 Qxb4 43. e5 Qxa5 44. Ne4 Qa2 45. Rd2 Qf7 46. Nf6 Qg6
47. Rd1 Qc2 48. Rh1 Qd3+ 49. Kf4 Qd2+ 50. Kf5 Qxg2 51. Rc1 Qd2 0-1

[Event "13. OIBM 2009"]
[Site "Bad Wiessee"]
[Date "2009.11.02"]
[Round "3.8"]
[White "Schmitz, Thorsten"]
[Black "Yemelin, Vasily"]
[Result "1/2-1/2"]
[WhiteElo "2313"]
[BlackElo "2570"]
[PlyCount "114"]
[EventDate "2009.10.31"]

1. e4 c5 2. Nc3 Nc6 3. Bb5 Nd4 4. Bc4 e6 5. Nge2 a6 6. d3 b5 7. Bb3 Nxb3 8.
axb3 b4 9. Nb1 Nf6 10. O-O Be7 11. f4 O-O 12. Ng3 d5 13. e5 Nd7 14. Nd2 f5 15.
exf6 Nxf6 16. Qe2 Bd6 17. Nf3 Qc7 18. Ne5 Bb7 19. Bd2 Rae8 20. Rae1 Nd7 21. Qh5
a5 22. Qg5 Nb8 23. Re2 Nc6 24. Nxc6 Bxc6 25. Rfe1 Rf6 26. Qg4 Bd7 27. Nh5 Rg6
28. Qf3 Rf8 29. h3 Qd8 30. g4 Qh4 31. Rg2 Bc8 32. c3 Kh8 33. d4 c4 34. Ra1 Qd8
35. Qd1 Qb6 36. Kh1 Bd7 37. Qe1 cxb3 38. cxb4 a4 39. Bc3 Rh6 40. Kh2 Be8 41.
Bd2 Bxh5 42. gxh5 Rxf4 43. Bxf4 Bxf4+ 44. Kh1 Rxh5 45. Qc3 g6 46. Rxa4 Kg7 47.
Ra1 e5 48. dxe5 Qe6 49. Kg1 Rxh3 50. Qc7+ Kh6 51. Re1 Bh2+ 52. Rxh2 Qg4+ 53.
Rg2 Qd4+ 54. Rf2 Rg3+ 55. Kf1 Qd3+ 56. Ree2 Qd1+ 57. Re1 Qd3+ 1/2-1/2

[Event "13. OIBM 2009"]
[Site "Bad Wiessee"]
[Date "2009.11.02"]
[Round "3.9"]
[White "Milov, Leonid"]
[Black "Abraham, Ingo"]
[Result "1-0"]
[WhiteElo "2558"]
[BlackElo "2235"]
[PlyCount "65"]
[EventDate "2009.10.31"]

1. e4 c5 2. Nf3 e6 3. d4 cxd4 4. Nxd4 Nf6 5. Nc3 d6 6. Be3 a6 7. Be2 Qc7 8. Qd2
b5 9. a3 Bb7 10. f3 Nbd7 11. O-O-O Ne5 12. Ndxb5 axb5 13. Nxb5 Qc6 14. Nxd6+
Bxd6 15. Qxd6 Rc8 16. Qxc6+ Bxc6 17. b3 O-O 18. Rd2 Ng6 19. Rhd1 e5 20. Kb2 Nf4
21. Bf1 g6 22. a4 Kg7 23. a5 N6h5 24. Rd6 Ba8 25. b4 f5 26. g3 fxe4 27. gxf4
Nxf4 28. Rd7+ Kh8 29. fxe4 Bxe4 30. Bc5 Rfe8 31. Ba6 Ra8 32. Bb7 Bxb7 33. Rxb7
1-0

[Event "13. OIBM 2009"]
[Site "Bad Wiessee"]
[Date "2009.11.02"]
[Round "3.10"]
[White "Kadziolka, Beata"]
[Black "Friedel, Joshua E"]
[Result "1/2-1/2"]
[WhiteElo "2285"]
[BlackElo "2555"]
[PlyCount "82"]
[EventDate "2009.10.31"]

1. e4 e5 2. Nf3 Nc6 3. Bb5 a6 4. Ba4 Nf6 5. d4 exd4 6. O-O Be7 7. e5 Ne4 8.
Nxd4 O-O 9. Nf5 d5 10. exd6 Bxf5 11. dxe7 Nxe7 12. Bb3 Nc6 13. Be3 Qf6 14. f3
Rad8 15. Qe1 Ng5 16. Nc3 Nd4 17. Qg3 Nge6 18. Qf2 Nxb3 19. cxb3 Rd3 20. b4 Rfd8
21. Rac1 h6 22. Rfe1 R8d7 23. Na4 b6 24. a3 Bg6 25. Nc3 Kh7 26. Qg3 Nd4 27. Qf4
Nf5 28. Bf2 Qd6 29. Qxd6 Nxd6 30. Re2 Nc4 31. h3 b5 32. Be1 R3d4 33. Bf2 Rd2
34. Rxd2 Rxd2 35. Na4 c6 36. Be1 Re2 37. Bf2 Bf5 38. Bd4 Rd2 39. Bc3 Re2 40.
Bd4 Rd2 41. Bc3 Re2 1/2-1/2